000
00281nam a22001337a 4500
008
170227b xxu||||| |||| 00| 0 eng d
020
_a
071671843X
041
_a
eng
080
_2
3RD
_a
577
100
_a
5
101
_a
SHMB
245
_a
BIOCHEMISTRY
_c
STRYER, L
942
_2
udc
_c
BK
999
_c
6370
_d
6370